沖縄県の戦前市制・町制 - Statistics

General Stats
  • This quiz has been taken 77 times
  • The average score is 8 of 9
Answer Stats
施行日 施行内容 所属郡 回答 % Correct
1921.05.20 市制 (市) 那覇市
100%
1896.04.01 沖縄県区制 (区) 那覇区
94%
1926.12.01 町制 八重山郡 石垣町
94%
沖縄県区制 (区) 首里区
91%
市制 (市) 首里市
91%
1924.02.01 町制 国頭郡 名護町
91%
町制 宮古郡 平良町
91%
1908.04.01 島嶼町制 島尻郡 糸満町
79%
1940.12.15 町制 国頭郡 本部町
76%
No matching quizzes found
Score Distribution
Percent of People with Each Score
Percentile by Number Answered
Your Score History
You have not taken this quiz